| 000 | 00671nam a2200253Ia 4500 | ||
|---|---|---|---|
| 003 | OSt | ||
| 005 | 20220918164235.0 | ||
| 006 | a|||||r|||| 00| 0 | ||
| 007 | ta | ||
| 008 | 220917b |||||||| |||| 00| 0 eng d | ||
| 020 | _a0520041097 | ||
| 024 | _a3,243 | ||
| 037 | _cTextual | ||
| 040 |
_aARTS _cARTS _beng |
||
| 041 |
_2eng _aeng |
||
| 082 | _aR47, M1 | ||
| 100 |
_aLodrick Deryck O. _917872 |
||
| 245 | 0 |
_aSacred cows, sacred places _b Origins and survivals of animal homes in India |
|
| 260 | _c1981 | ||
| 300 |
_axii,307p Bibliography _ccm. |
||
| 650 | _aETHICS | ||
| 942 |
_hR47, M1 _cTEXL _2CC |
||
| 999 |
_c123803 _d123803 |
||